Análisis de las aguas minerales y potables de Caldas de Besaya, provincia de Santander / (Record no. 53330)

MARC details
000 -LEADER
campo de control de longitud fija 00773nam a22001935i 4500
001 - NÚMERO DE CONTROL
campo de control 53330
003 - IDENTIFICADOR DE NÚMERO DE CONTROL
campo de control ES-MaACL
005 - FECHA Y HORA DE LA ÚLTIMA TRANSACCIÓN
campo de control 20230906162740.0
007 - CAMPO FIJO DE DESCRIPCIÓN FÍSICA--INFORMACIÓN GENERAL
campo de control de longitud fija t|
008 - DATOS DE LONGITUD FIJA--INFORMACIÓN GENERAL
campo de control de longitud fija 960201s1877 sp ||||1| spa d
040 ## - FUENTE DE CATALOGACIÓN
Centro catalogador/agencia de origen CAM
Lengua de catalogación spa
Centro/agencia transcriptor CCPB | SIC
100 1# - ENTRADA PRINCIPAL--NOMBRE DE PERSONA
Nombre de persona Cagigal Ruiz, José María.
9 (RLIN) 33425
245 10 - MENCIÓN DEL TÍTULO
Título Análisis de las aguas minerales y potables de Caldas de Besaya, provincia de Santander /
Mención de responsabilidad, etc. por José María Cagigal y Ruiz... y José Escalante González.
260 ## - PUBLICACIÓN, DISTRIBUCIÓN, ETC.
Lugar de publicación, distribución, etc. Santander :
Nombre del editor, distribuidor, etc. [s.n.],
Fecha de publicación, distribución, etc. 1877 (
Fabricante Imp. y Lit. de Telesforo Martínez)
300 ## - DESCRIPCIÓN FÍSICA
Extensión 33 p., [2] h. pleg. ;
Dimensiones 21 cm.
650 #4 - PUNTO DE ACCESO ADICIONAL DE MATERIA--TÉRMINO DE MATERIA
Término de materia o nombre geográfico como elemento de entrada Aguas minerales-
Subdivisión geográfica Las Caldas de Besaya.
9 (RLIN) 135521
700 1# - ENTRADA AGREGADA--NOMBRE PERSONAL
Nombre de persona Escalante González, José.
9 (RLIN) 47469
852 ## - LOCALIZACIÓN
Ubicación ES-MaACL
Número de control de estantería T-374-F-14
Copia número . - Ded. autógr. de J. Escalante
Holdings
Estatus retirado Estado de pérdida Estado de daño No para préstamo Colección Biblioteca de origen Biblioteca actual Ubicación en estantería Fecha de adquisición Fuente de adquisición Total de préstamos Signatura topográfica completa Código de barras Visto por última vez Precio de reemplazo Tipo de ítem Koha
        Colección de folletos Biblioteca del Ateneo de Madrid Biblioteca del Ateneo de Madrid Depósito folletos 17/01/2008     T-374-F-14 1056035 23/02/2023 23/02/2023 Folleto